|
|
|
|
| LEADER |
01029nam a2200349 4500 |
| 001 |
DLU030023362 |
| 005 |
##20020910201851.0 |
| 008 |
##990608s1999 nyua f 001 0 eng |
| 010 |
# |
# |
|a 99035899
|
| 020 |
# |
# |
|a 0070707693
|
| 035 |
# |
# |
|9 (DLC) 99035899
|
| 040 |
# |
# |
|a DLC
|c DLC
|d DLC
|
| 042 |
# |
# |
|a pcc
|
| 050 |
# |
# |
|a TK9961
|b .W56 1999
|
| 082 |
# |
# |
|a 621.388 337
|b WI-R
|
| 100 |
# |
# |
|a Wilkins, Richard C.
|
| 245 |
# |
# |
|a Home VCR repair illustrated /
|c Richard C. Wilkins, Vicki Wilkins.
|
| 250 |
# |
# |
|a 2nd ed.
|
| 260 |
# |
# |
|a New York :
|b McGraw-Hill,
|c 1999.
|
| 300 |
# |
# |
|a xxiii, 615 p. :
|b ill. ;
|c 24 cm.
|
| 650 |
# |
# |
|a Videocassette recorders
|x Maintenance and repair
|x Amateurs' manuals.
|
| 700 |
# |
# |
|a Wilkins, Vicki.
|
| 856 |
# |
# |
|3 Publisher description
|u http://www.loc.gov/catdir/description/mh023/99035899.html
|
| 992 |
# |
# |
|a 20.97
|
| 994 |
# |
# |
|a DLU
|
| 900 |
# |
# |
|a True
|
| 911 |
# |
# |
|a Lê Thị Mạnh Xuân
|
| 925 |
# |
# |
|a G
|
| 926 |
# |
# |
|a A
|
| 927 |
# |
# |
|a SH
|
| 980 |
# |
# |
|a Thư viện Trường Đại học Đà Lạt
|